• 首页
  • 本馆介绍
  • 公告通知
  • 最新文献
  • 馆藏检索
  • 电子资源
  • 读者导购
  • 参考咨询
  • 我的图书馆
  • 登录
  • 详细信息显示
  • 放入我的书架
  • 预约/预借图书
  • 作者相关作品
  • 分类相关作品
  • 丛书相关作品
  • 出版社相关作品

书目信息

  • 表格格式
  • 工作单格式
  • 卡片格式
题名:
直击招聘
    
 
作者: 李春葆 , 李筱驰 编著
分册:   程序员面试笔试算法设计深度解析
出版信息: 北京   清华大学出版社  2018
页数: 381页
开本: 24cm
丛书名:
单 册:
中图分类: TP301.6
科图分类:
主题词: 电子计算机--算法设计--资格考试--自学参考资料
电子资源:
ISBN: 978-7-302-48796-8
000 01113nam2 2200265 450
001 2267751924
005 20221007185029.34
010    @a978-7-302-48796-8@dCNY79.80
100    @a20181010d2018 em y0chiy50 ea
101 0  @achi
102    @aCN@b110000
105    @aak z 001yy
200 1  @a直击招聘@AZhi Ji Zhao Pin@9cheng xu yuan mian shi bi shi suan fa she ji shen du jie xi@i程序员面试笔试算法设计深度解析@f李春葆,李筱驰编著
210    @a北京@c清华大学出版社@d2018
215    @a381页@c图@d24cm
314    @a李春葆, 武汉大学教授。李筱驰, 美国俄亥俄州立大学计算机科学专业硕士毕业, 目前在西雅图亚马逊总部工作。
320    @a有索引
330    @a本书汇总国外众多著名IT企业近几年的面试笔试真题, 并予以解析, 按照知识点类型对常见的C语言难点和疑点进行了系统归纳和透彻剖析。
517 1  @a程序员面试笔试算法设计深度解析@ACheng Xu Yuan Mian Shi Bi Shi Suan Fa She Ji Shen Du Jie Xi
606 0  @a电子计算机@x算法设计@x资格考试@j自学参考资料
690    @aTP301.6@v5
701  0 @a李春葆@9li chun bao@4编著
701  0 @a李筱驰@9li xiao chi@4编著
801  0 @aCN@b91MARC@c20181010
905    @aZUCC@dTP301.6@e13
    
    直击招聘.程序员面试笔试算法设计深度解析/李春葆,李筱驰编著.-北京:清华大学出版社,2018
    381页:图;24cm
    
    
    ISBN 978-7-302-48796-8:CNY79.80
    本书汇总国外众多著名IT企业近几年的面试笔试真题, 并予以解析, 按照知识点类型对常见的C语言难点和疑点进行了系统归纳和透彻剖析。
●
相关链接 在五车中查询图书 在当当中查询图书 在豆瓣中查询图书


正题名:直击招聘     索取号:TP301.6/13         预约/预借

序号 登录号 条形码 馆藏地/架位号 状态 备注
1 2000912173   2000912173   第三书库/ [索取号:TP301.6/13] 在馆    
2 2000912174   2000912174   第三书库/ [索取号:TP301.6/13] 在馆    
3 2000912175   2000912175   第三书库/ [索取号:TP301.6/13] 在馆    
山东省滨州职业学院图书馆 欢迎您!
大连网信软件有限公司© 版权所有